José Baquíjano y Carrillo / (Record no. 14196)
[ view plain ]
| 000 -CABECERA | |
|---|---|
| campo de control de longitud fija | 00724nam a2200205 a 4500 |
| 001 - NÚMERO DE CONTROL | |
| campo de control | 000014611 |
| 005 - FECHA Y HORA DE LA ÚLTIMA TRANSACCIÓN | |
| campo de control | 20200929163856.0 |
| 008 - DATOS DE LONGITUD FIJA--INFORMACIÓN GENERAL | |
| campo de control de longitud fija | 100115s1995 pe 000 0bspa d |
| 020 ## - NÚMERO INTERNACIONAL ESTÁNDAR DEL LIBRO | |
| Número Internacional Estándar del Libro | 8483896125 |
| 040 ## - FUENTE DE LA CATALOGACIÓN | |
| Centro catalogador/agencia de origen | DO-SdBNP |
| Lengua de catalogación | spa |
| Centro/agencia transcriptor | BNPHU |
| 082 ## - NÚMERO DE LA CLASIFICACIÓN DECIMAL DEWEY | |
| Número de clasificación | 923.2 |
| Número de documento/Ítem | B222P |
| 049 ## - FONDOS LOCALES (OCLC) | |
| Fondos de biblioteca | BNGR |
| 100 1# - ENTRADA PRINCIPAL--NOMBRE DE PERSONA | |
| Nombre de persona | Puente Brunke, José de la, |
| Fechas asociadas al nombre | 1961- |
| 9 (RLIN) | 33092 |
| 245 10 - MENCIÓN DE TÍTULO | |
| Título | José Baquíjano y Carrillo / |
| Mención de responsabilidad, etc. | José de la Puente Brunke. |
| 260 ## - PUBLICACIÓN, DISTRIBUCIÓN, ETC. | |
| Lugar de publicación, distribución, etc. | Lima, Perú : |
| Nombre del editor, distribuidor, etc. | Brasa, |
| Fecha de publicación, distribución, etc. | 1995. |
| 300 ## - DESCRIPCIÓN FÍSICA | |
| Extensión | 123, [4] p. ; |
| Dimensiones | 21 cm. |
| 490 1# - MENCIÓN DE SERIE | |
| Mención de serie | Forjadores del perú |
| Designación de volumen o secuencia | 13 |
| 600 14 - PUNTO DE ACCESO ADICIONAL DE MATERIA--NOMBRE DE PERSONA | |
| Nombre de persona | BAQUÍJANO Y CARRILLO, JOSÉ, |
| Títulos y otros términos asociados al nombre | III CONDE DE VISTAFLORIDA, DE LA REAL ORDEN DE CARLOS III. ESPAÑA |
| Fechas asociadas al nombre | 1751-1817 |
| Subdivisión general | BIOGRAFÍAS |
| 9 (RLIN) | 33093 |
| 830 #0 - PUNTO DE ACCESO ADICIONAL DE SERIE-TÍTULO UNIFORME | |
| Título uniforme | Forjadores del perú ; |
| Designación de volumen o secuencia | 13 |
| 9 (RLIN) | 33080 |
| Estado de retiro | Estado de pérdida | Restricciones de uso | No para préstamo | Código de colección | Localización permanente | Ubicación/localización actual | Ubicación en estantería | Fecha de adquisición | Número de inventario | Total de préstamos | Signatura topográfica completa | Código de barras | Fecha visto por última vez | Precio válido a partir de | Tipo de ítem Koha |
|---|---|---|---|---|---|---|---|---|---|---|---|---|---|---|---|
| Préstamo interno | Monografías: Libros y Folletos | General | General | En catalogación | 15.01.2010 | LF1 | 923.2 B222P | 14611-10 | 25.06.2020 | 25.06.2020 | Préstamo interno |
